[Event "Wroclaw op"]
[Site "Wroclaw"]
[Date "2019.08.05"]
[Round "1"]
[White "Eggink, Ryszard"]
[Black "Mrozinski, Mateusz"]
[Result "1/2-1/2"]
[WhiteElo "2377"]
[BlackElo "1620"]
[PlyCount "62"]
[EventDate "2019.08.05"]
[EventType "swiss"]
[EventRounds "9"]
[EventCountry "POL"]
[SourceTitle "CBM 191 Extra"]
[Source "ChessBase"]
[SourceDate "2019.09.30"]
[SourceVersion "1"]
[SourceVersionDate "2019.09.30"]
[SourceQuality "1"]

1. c4 e5 2. Nc3 Nf6 3. e4 Nc6 4. d3 d6 5. h3 g6 6. g4 Bg7 7. Nge2 h5 8. g5 Nd7 9. Be3 Nc5 10. Qd2 Ne6 11. Bg2 Ncd4 12. 0-0-0 c6 13. f4 exf4 14. Nxf4 Qa5 15. Kb1 0-0 16. Nce2 Qa6 17. Nxd4 Nxd4 18. Qf2 Ne6 19. Nxe6 Bxe6 20. Bd4 Bxd4 21. Qxd4 c5 22. Qf6 b5 23. b3 Rab8 24. Bf1 Qb6 25. Rh2 Qd8 26. cxb5 Qxf6 27. gxf6 Rxb5 28. d4 Rb4 29. Rc2 cxd4 30. Rcd2 d3 31. Bg2 Bc4 1/2-1/2